Estamos en un libro! / (Record no. 20263)

MARC details
000 -LEADER
fixed length control field 02306cam a2200589Ii 4500
001 - CONTROL NUMBER
control field sjds888094
003 - CONTROL NUMBER IDENTIFIER
control field sjds
005 - DATE AND TIME OF LATEST TRANSACTION
control field 20211217124816.0
008 - FIXED-LENGTH DATA ELEMENTS--GENERAL INFORMATION
fixed length control field 140716s2015 nyua b 000 1 spa
010 ## - LIBRARY OF CONGRESS CONTROL NUMBER
LC control number 2014024714
020 ## - INTERNATIONAL STANDARD BOOK NUMBER
International Standard Book Number 9781484722886
Qualifying information (hardback)
020 ## - INTERNATIONAL STANDARD BOOK NUMBER
International Standard Book Number 1484722884
Qualifying information (hardback)
035 ## - SYSTEM CONTROL NUMBER
System control number 739027
035 ## - SYSTEM CONTROL NUMBER
System control number (OCoLC)883902832
Canceled/invalid control number (OCoLC)892888491
035 ## - SYSTEM CONTROL NUMBER
System control number (OCoLC)ocn883902832
035 ## - SYSTEM CONTROL NUMBER
System control number 708349
035 ## - SYSTEM CONTROL NUMBER
System control number 739027
035 ## - SYSTEM CONTROL NUMBER
System control number 739027
040 ## - CATALOGING SOURCE
Original cataloging agency DLC
Language of cataloging eng
Description conventions rda
Transcribing agency DLC
Modifying agency IG#
-- BTCTA
-- MVP
-- GK8
-- JTH
-- GO3
-- OCLCF
-- OCLCO
-- OCL
-- OCLCO
-- VP@
-- IH9
-- IFA
041 0# - LANGUAGE CODE
Language code of text/sound track or separate title spa
Language code of original eng
049 ## - LOCAL HOLDINGS (OCLC)
Holding library IFAA
099 ## - LOCAL FREE-TEXT CALL NUMBER (OCLC)
Filing suffix 2015
100 1# - MAIN ENTRY--PERSONAL NAME
Personal name Willems, Mo,
Relator term author,
-- illustrator.
240 10 - UNIFORM TITLE
Uniform title <a href="We are in a book!">We are in a book!</a>
Language of a work Spanish
245 10 - TITLE STATEMENT
Title Estamos en un libro! /
Statement of responsibility, etc. por Mo Willems ; adaptado al español por F. Isabel Campoy.
250 ## - EDITION STATEMENT
Edition statement Edición primera en español.
260 ## - PUBLICATION, DISTRIBUTION, ETC. (IMPRINT)
Place of publication, distribution, etc. New York :
Name of publisher, distributor, etc. Hyperion Books for Children, an imprint of Disney Book Group,
Date of publication, distribution, etc. 2015.
264 #1 - PRODUCTION, PUBLICATION, DISTRIBUTION, MANUFACTURE, AND COPYRIGHT NOTICE
Place of production, publication, distribution, manufacture New York :
Name of producer, publisher, distributor, manufacturer Hyperion Books for Children, an imprint of Disney Book Group,
Date of production, publication, distribution, manufacture, or copyright notice 2015.
300 ## - PHYSICAL DESCRIPTION
Extent 57 pages :
Other physical details color illustrations ;
Dimensions 24 cm.
336 ## - CONTENT TYPE
Content type term text
Source rdacontent
336 ## - CONTENT TYPE
Content type term still image
Source rdacontent
337 ## - MEDIA TYPE
Media type term unmediated
Source rdamedia
338 ## - CARRIER TYPE
Carrier type term volume
Source rdacarrier
490 1# - SERIES STATEMENT
Series statement Libro de Elefante y Cerdita
490 1# - SERIES STATEMENT
Series statement Elephant & Piggie book
500 ## - GENERAL NOTE
General note Translation of: We are in a book!
520 ## - SUMMARY, ETC.
Summary, etc. When Gerald the elephant and Piggie realize that they are in a book, they decide to have some fun with the reader.
520 ## - SUMMARY, ETC.
Summary, etc. Cuando Gerald el elefante y Piggie se dan cuenta que ellos están en un libro, decidieron divertir con los lectores.
526 0# - STUDY PROGRAM INFORMATION NOTE
Program name Accelerated Reader AR
Interest level LG
Reading level 1.2
Title point value 0.5
Public note 154356.
546 ## - LANGUAGE NOTE
Language note In Spanish.
650 #0 - SUBJECT ADDED ENTRY--TOPICAL TERM
Topical term or geographic name as entry element Books and reading
Form subdivision Juvenile fiction.
650 #0 - SUBJECT ADDED ENTRY--TOPICAL TERM
Topical term or geographic name as entry element Elephants
Form subdivision Juvenile fiction.
650 #0 - SUBJECT ADDED ENTRY--TOPICAL TERM
Topical term or geographic name as entry element Swine
Form subdivision Juvenile fiction.
650 #7 - SUBJECT ADDED ENTRY--TOPICAL TERM
Topical term or geographic name as entry element Libros y lectura
Form subdivision Novela juvenil.
Source of heading or term bidex
650 #7 - SUBJECT ADDED ENTRY--TOPICAL TERM
Topical term or geographic name as entry element Elefantes
Form subdivision Novela juvenil.
Source of heading or term bidex
650 #7 - SUBJECT ADDED ENTRY--TOPICAL TERM
Topical term or geographic name as entry element Cerdos
Form subdivision Novela juvenil.
Source of heading or term bidex
650 #0 - SUBJECT ADDED ENTRY--TOPICAL TERM
Topical term or geographic name as entry element Humorous stories
Form subdivision Juvenile literature.
650 #7 - SUBJECT ADDED ENTRY--TOPICAL TERM
Topical term or geographic name as entry element Cuentos humorosos
Form subdivision Literatura juvenil.
Source of heading or term bidex
700 1# - ADDED ENTRY--PERSONAL NAME
Personal name Campoy, F. Isabel,
Relator term translator.
800 1# - SERIES ADDED ENTRY--PERSONAL NAME
Personal name Willems, Mo.
Title of a work Elephant & Piggie book.
Language of a work Spanish.
942 ## - ADDED ENTRY ELEMENTS (KOHA)
Koha item type Libro/Book
Holdings
Withdrawn status Lost status Damaged status Not for loan Home library Current library Date acquired Total Checkouts Barcode Date last seen Date checked out Price effective from Koha item type Full call number
        La Puerta Biblioteca -- Satellite La Puerta Biblioteca -- Satellite 08/04/2019 26 40301938 09/11/2023 26/10/2023 08/04/2019 Libro/Book  
        La Puerta Biblioteca -- Satellite La Puerta Biblioteca -- Satellite 29/04/2021 8 40302266 16/11/2023 09/11/2023 29/04/2021 Libro/Book  
        Las Brisas 2 -- Satellite Las Brisas 2 -- Satellite 22/07/2020   40102211 22/07/2020   22/07/2020 Libro/Book JI

Powered by Koha